| 000 | 00585nam a22001817a 4500 | ||
|---|---|---|---|
| 999 |
_c193721 _d193721 |
||
| 005 | 20221111123325.0 | ||
| 010 | _aENG-135666 | ||
| 020 |
_a9789383514298 _c895.00 |
||
| 035 | _aEN-119198 | ||
| 037 | _bDBAD/PUB | ||
| 082 | _a305.51220954 | ||
| 100 | _aRoy, D.N. | ||
| 245 |
_aCasteism in indian politics/ _cby D.N. Roy |
||
| 260 |
_aSangam Vihar _bLucky International _c2018 |
||
| 270 |
_aH-16/1922 , Sangam Vihar _bNew Delhi _e110080 _k7838260289 _mluckybk05@yahoo.co.in |
||
| 300 |
_a262p. _c23cm(hbk) _bBibliography & index |
||
| 942 |
_2ddc _cEN _mROY _h305.51220954 |
||